LEADER 00934nam a2200253 a 4500 001 000000123937 003 CaOOAMICUS 005 20101215092342.0 008 101215s1962 it u000 u ita r 040 $aPUL$bita 100 1 $aPesce, Domenico,$d1913-$0(OLS)http://pul/name/139 245 12$aL'estetica dopo Croce /$cDomenico Pesce. 260 $aFirenze :$b"Philosophia",$cstampa 1962. 300 $a142 p. ;$c20 cm 490 1 $aFilosofie ;$v1 500 $aInclude indici. 650 4$aEstetica$ySec. XX.$0(OLS)http://pul/subject/21829 830 0$aFilosofie ;$v1.$0(OLS)http://pul/title/60487 850 $aPUL 852 $aPUL$W1$xDP1 Filosofia 1$y19$m590 H 73$j142803$qStampati$B141748$CPULBib$Z2$F141748 $H66523 $82 941 1 $a8 996 $6245$aL'estetica dopo Croce$9(OLS)http://pul/title/156252 996 $6260$aFirenze :$b"Philosophia"$9(OLS)http://pul/publisher/69838 LEADER 01140nam a2200241 u 4500 001 000000073105 003 CaOOAMICUS 005 20070226122320.0 008 020626s1983 xx u000 u ita u 035 $a10934946 040 $aPUL(R)$bita 100 1 $aEkarika, Joseph P.$0(OLS)http://pul/name/47123 245 14$aThe recognizability and criteriology of natural & supernatural religion. An introduction to the Sociology of Religion :$ba christian apologetics /$cJ.P. Ekarika. 260 $a[S.l.] :$bed. "Tecnostampa",$c1983. 300 $av. <2 > ;$c20 cm 500 $aContiene indice. 650 4$aTeologia naturale.$0(OLS)http://pul/subject/405 850 $aPUL 852 $aPUL$W1$xDP1 Cons. Gen., Altre Classi 1$y22$m780 A 45$j94504$nBK-PRI$b $qStampati$B94504$CPULBib$Z2$F94504 $H $81 941 1 $a8 961 $aINV: 53048 996 $6245$aThe recognizability and criteriology of natural & supernatural religion. An introduction to the Sociology of Religion :$ba christian apologetics$9(OLS)http://pul/title/96129 996 $6260$a[S.l.] :$bed. "Tecnostampa"$9(OLS)http://pul/publisher/74246